| 000 | 01108cam a22002895a 4500 | ||
|---|---|---|---|
| 999 |
_c12709 _d12709 |
||
| 003 | EG-ScBUE | ||
| 005 | 20200115113927.0 | ||
| 008 | 090826s2005 ua f b 000 0 ara d | ||
| 017 | _a2005 / 3471 | ||
| 020 | _a9770194794 | ||
| 040 |
_aEG-ScBUE _bara _erda _cEG-ScBUE _dEG-ScBUE |
||
| 082 | 0 | 4 |
_a801 _bك و م _222 |
| 100 | 1 |
_aكومي، محمد شبل، _eمؤلف. |
|
| 245 | 1 | 2 |
_aالقضايا الأدبية من منظور فلسفي / _cبقلم أ. د. محمد شبل الكومي ؛ تقديم أ. د. محمد محمد عناني. |
| 264 | 1 |
_a[القاهرة] : _bالهيئة المصرية العامة للكتاب، _c2005. |
|
| 300 |
_a594 صفحة ؛ _c24 سم |
||
| 336 |
_2rdacontent _aنص _btxt |
||
| 337 |
_2rdamedia _aبدون وسيط _bn |
||
| 338 |
_2rdacarrier _aمجلد _bnc |
||
| 504 | _aيشتمل على إرجاعات ببليوجرافية. | ||
| 590 | _abasantemad | ||
| 650 | 7 |
_aالأدب _xفلسفة. _2BUEsh _98723 |
|
| 653 |
_bARALIT _cSeptember2017 |
||
| 655 | _vReading book | ||
| 700 | 1 |
_aعناني، محمد محمد، _eمقدم. _98663 |
|
| 942 |
_2ddc _cBB |
||